000 00602nas a2200205 a 4500
999 _c345108
_d345108
003 BLK
005 20220325110113.0
008 190915d |||p| |||| 00| c|bul d
010 _a000147
040 _aBLK
041 _aDEU
_cBUL
080 _z39(05)
245 1 0 _aDIE "SCHUTZENDE" MASKE
260 _aBerlin
_cб. г.
490 _aЧастна колекция - Академик Михаил Арнаудов
_gДарение - Основен фонд
500 _aБроят е разкъсан и налице само 2 л.
505 _gотделна статия от в-ка
650 _aЕтнология
_9155182
650 4 _aПечат
_9166209
852 _aМА 4674
942 _cJOU
_n0
_s1
999 _d345108
999 _d345108